000 01007nam a2200301 i 4500
003 DO-SdBNP
005 20250616145111.0
007 ta
008 250606b2025 dr a|||b |||| 00| 0 spa d
020 _a9789945809473
040 _aDO-SdBNP
_bspa
_cBNPHU
_erda
041 _aspa
082 7 _aRD863.44
_bP573n 2025
_222
100 1 _aPhipps Cueto, Miguel,
_d1955-
_eautor
_4aut.
_912217
245 0 3 _aLa niña que se convirtió en flor /
_cMiguel Phipps
250 _aSegunda edición
264 _aSanto Domingo :
_bEditora Corripio,
_c2025.
300 _a12 páginas :
_b ilustraciones ;
_c28 cm.
336 _atexto
_btxt
_2rdacontent
337 _asin mediación
_bn
_2rdamedia
338 _avolumen
_bnc
_2rdacarrier
586 _aPremio Nacional de Literatura Infantil, 2023.
590 _aInventariado, 2025/ YL
650 7 _aCuentos infantiles dominicanos
_9505
_2LEMB
650 7 _aLiteratura infantil dominicana
_2LEMB
910 _aYLockward. Validado. Control de calidad MFF
942 _2ddc
_cLF2
999 _c58815
_d58815